000 00431nam a2200181Ia 4500
001 15971
005 20260306170235.0
008 260306t2007||||xx |||||||||||||| ||und||
041 _aESP
082 _a620.86
_bS24
100 _aSánchez Rivero, José Manuel
_eAUT
245 0 _aSeguridad en el trabajo
260 _c2007
300 _a757 páginas :
_c23 cm.
650 _aGEN
654 _aCII
942 _cLIB
_dJUS
_fJUS
_2ddc
_n
999 _c15971
_d15971